La insoportable levedad del ser / (Registro nro. 3278)
[ vista simple ]
| 000 -LEADER | |
|---|---|
| fixed length control field | 00912nam a2200241Ia 4500 |
| 003 - CONTROL NUMBER IDENTIFIER | |
| control field | OSt |
| 005 - DATE AND TIME OF LATEST TRANSACTION | |
| control field | 20250425162134.0 |
| 008 - FIXED-LENGTH DATA ELEMENTS--GENERAL INFORMATION | |
| fixed length control field | 191128t1986 sp er 000 f spa d |
| 020 ## - INTERNATIONAL STANDARD BOOK NUMBER | |
| International Standard Book Number | 8472232255 |
| 040 ## - CATALOGING SOURCE | |
| Original cataloging agency | CO-JMCR |
| Transcribing agency | CO-JMCR |
| 041 0# - LANGUAGE CODE | |
| Language code of text/sound track or separate title | spa |
| 082 04 - DEWEY DECIMAL CLASSIFICATION NUMBER | |
| Classification number | A-N |
| Item number | KUNi |
| 100 1# - MAIN ENTRY--PERSONAL NAME | |
| Personal name | Kundera, Milan |
| Relator term | autor |
| 9 (RLIN) | 7539 |
| 245 13 - TITLE STATEMENT | |
| Title | La insoportable levedad del ser / |
| Statement of responsibility, etc. | Milan Kundera; traducción Fernando de Valenzuela |
| 250 ## - EDITION STATEMENT | |
| Edition statement | Segunda edición |
| 260 ## - PUBLICATION, DISTRIBUTION, ETC. | |
| Place of publication, distribution, etc. | Barcelona : |
| Name of publisher, distributor, etc. | Tusquets, |
| Date of publication, distribution, etc. | ©1986 |
| 300 ## - PHYSICAL DESCRIPTION | |
| Extent | 320 páginas ; |
| Dimensions | 20 cm |
| 490 ## - SERIES STATEMENT | |
| Series statement | Andanzas |
| 520 ## - SUMMARY, ETC. | |
| Summary, etc. | Esta es una extraordinaria historia de amor, o sea de celos, de sexo, de traiciones, de muerte y también de las debilidades y paradojas de la vida cotidiana de dos parejas cuyos destinos se entrelazan irremediablemente. |
| 650 14 - SUBJECT ADDED ENTRY--TOPICAL TERM | |
| Topical term or geographic name entry element | Amor en la literatura |
| 9 (RLIN) | 634 |
| 700 ## - ADDED ENTRY--PERSONAL NAME | |
| Personal name | Valenzuela, Fernando de, |
| Relator term | traductor |
| 9 (RLIN) | 7540 |
| 942 ## - ADDED ENTRY ELEMENTS (KOHA) | |
| Source of classification or shelving scheme | Dewey Decimal Classification |
| Koha item type | Books |
| Withdrawn status | Lost status | Source of classification or shelving scheme | Damaged status | Not for loan | Collection code | Home library | Current library | Date acquired | Source of acquisition | Total Checkouts | Total Renewals | Full call number | Barcode | Date last seen | Date last checked out | Copy number | Koha item type | Public note |
|---|---|---|---|---|---|---|---|---|---|---|---|---|---|---|---|---|---|---|
| Dewey Decimal Classification | Fiction | Biblioteca Pública José María del Castillo y Rada | Biblioteca Pública José María del Castillo y Rada | 11/28/2019 | Donación | 19 | 10 | A-N KUNi | 201507016 | 07/14/2025 | 07/07/2025 | Ej.1 | Books | exlibris: Claudia Jimenez Anaya 1996 |